Satchel Paige : (Record no. 8275)
[ view plain ]
| 000 -LEADER | |
|---|---|
| fixed length control field | 01127nam a22002657a 4500 |
| 001 - CONTROL NUMBER | |
| control field | 8275 |
| 003 - CONTROL NUMBER IDENTIFIER | |
| control field | FISKH |
| 005 - DATE AND TIME OF LATEST TRANSACTION | |
| control field | 20250908100648.0 |
| 008 - FIXED-LENGTH DATA ELEMENTS--GENERAL INFORMATION | |
| fixed length control field | 250908b cb ||||| |||| 00| 0 eng d |
| 020 ## - INTERNATIONAL STANDARD BOOK NUMBER | |
| International Standard Book Number | 9780545344746 |
| 040 ## - CATALOGING SOURCE | |
| Original cataloging agency | FISKH |
| Language of cataloging | eng |
| Transcribing agency | FISKH |
| Modifying agency | FISKH |
| 050 ## - LIBRARY OF CONGRESS CALL NUMBER | |
| Classification number | PN6727.S79 S38 |
| 082 ## - DEWEY DECIMAL CLASSIFICATION NUMBER | |
| Classification number | 741.5973 |
| 100 ## - MAIN ENTRY--PERSONAL NAME | |
| Personal name | Sturm, James |
| 245 ## - TITLE STATEMENT | |
| Title | Satchel Paige : |
| Remainder of title | Striking out Jim Crow / |
| Statement of responsibility, etc. | by James Sturm & Rich Tommaso with an introduction by Gerald Early |
| 260 ## - PUBLICATION, DISTRIBUTION, ETC. | |
| Place of publication, distribution, etc. | New York : |
| Name of publisher, distributor, etc. | Scholastic , |
| Date of publication, distribution, etc. | 2007. |
| 300 ## - PHYSICAL DESCRIPTION | |
| Extent | 89 pages : |
| Other physical details | color illustrations ; |
| Dimensions | 25 cm . |
| 490 ## - SERIES STATEMENT | |
| Series statement | The Center for Cartoon Studies Presents |
| 520 ## - SUMMARY, ETC. | |
| Summary, etc. | Satchel Paige began his baseball career in the Negro Leagues in Alabama in the 1920s. For years, Jim Crow laws, which segregated blacks and whites, kept him out of the major leagues. But they couldn't stop him from becoming a world-class athlete. This is a fictionalized account of a real-life sports hero. |
| 650 ## - SUBJECT ADDED ENTRY--TOPICAL TERM | |
| Topical term or geographic name entry element | Civil Rights Movement |
| Form subdivision | Comic books |
| 650 ## - SUBJECT ADDED ENTRY--TOPICAL TERM | |
| Topical term or geographic name entry element | 1906-1982 |
| Form subdivision | Comic books |
| 700 ## - ADDED ENTRY--PERSONAL NAME | |
| Personal name | Early, Gerald |
| Relator term | Illustrator |
| 942 ## - ADDED ENTRY ELEMENTS (KOHA) | |
| Source of classification or shelving scheme | Dewey Decimal Classification |
| Koha item type | Books |
| Suppress in OPAC | No |
| Withdrawn status | Lost status | Source of classification or shelving scheme | Damaged status | Not for loan | Collection | Home library | Current library | Shelving location | Date acquired | Total Checkouts | Full call number | Barcode | Date last seen | Price effective from | Koha item type |
|---|---|---|---|---|---|---|---|---|---|---|---|---|---|---|---|
| Dewey Decimal Classification | Fiction | Footprints International School Library Network Toul Tom Poung Campus | Footprints International School Library Network Toul Kork Campus | TTP Comic Books all Levels | 09/08/2025 | STU 741.5973 PN6727.S79 S38 | FISSE01431 | 03/03/2026 | 09/08/2025 | Books |
